| 000 | 01398nab a2200229 i 4500 | ||
|---|---|---|---|
| 001 | 768714001 | ||
| 003 | CO-MdFUSB | ||
| 005 | 20240531113020.0 | ||
| 008 | 240531t1975 ag ||||| |||| 00| 0 spa d | ||
| 040 |
_bspa _cCO-MdFUSB _dCO-MdFUSB |
||
| 041 | _aspa | ||
| 100 |
_aGreiner, Albert, _d1918-2013 _eautor |
||
| 245 | 3 |
_aEl Dios tapagujeros _c/ Albert Greiner |
|
| 520 | _aEn el mundo actual -e incluso en el pequeño mundo cristiano- hay personas que temen a Dios, que pronto tendrá tiempo libre. Bueno, según eso, ¿cuál era el papel de Dios? En cierto modo, el papel continuó donde lo dejó el hombre. Dios llenó los vacíos en el conocimiento y el poder humanos. Cada vez que surgía el origen de nuestro universo o una enfermedad desconocida, se sacaba a Dios de la despensa y se le señalaba como responsable de ello, convirtiéndolo en un subproducto. a nuestra ciencia imperfecta. Al orar a Dios y buscar protección contra el peligro, algunas personas lo utilizaron como fuente de fortaleza y estabilidad. | ||
| 650 | 7 |
_aDios _xEnseñanza bíblica _9323 |
|
| 650 | 7 |
_aHombre _97135 |
|
| 650 | 7 |
_aFe _9531 |
|
| 650 | 7 |
_aHermenéutica bíblica _97333 |
|
| 773 | 0 |
_069974 _982717 _dBuenos Aires _oR2609 _tCerteza _w(CO-MdFUSB)768714001 _gNúmero 60, (octubre- diciembre, 1975) páginas: 124 - 125 _qpágina: 124 |
|
| 942 | _cANA | ||
| 945 | _aCatherine Arias Álvarez - Practicante SENA | ||
| 999 |
_c70025 _d70025 |
||